banner-ar

نزهة المتأمل ومرشد المتأمل فى أداب الخطوبة والزواج / (Record no. 56007)

MARC details
000 -الفاتح
حقل البيانات ثابتة الطول 00837nam a2200217Ia 4500
005 - وقت وتاريخ اخر تعامل مع التسجيلة
رقم الضبط 20240530105431.0
008 - عناصر البيانات ثابتة الطول - معلومات عامة
حقل البيانات ثابتة الطول 140319s1992 ua 000 0 ara d
040 ## - مصدر الفهرسة
وكالة الفهرسة الأصلية GCL /
وكالة النسخ GCL
082 04 - رقم تصنيف ديوى العشرى
رقم التصنيف 254.1/
رقم المادة ج ن
100 0# - المدخل الرئيسى - إسم شخصى
الإسم الشخصى جلال الدين السيوطى
245 10 - بيان العنوان
العنوان نزهة المتأمل ومرشد المتأمل فى أداب الخطوبة والزواج /
بيان المسئوليه,etc تاليف جلال الدين السيوطى ؛ حققة وخرج احاديثة محمود نصار
260 ## - PUBLICATION, DISTRIBUTION, ETC. (IMPRINT)
تاريخ النشر أو التوزيع 1992.
300 ## - الوصف المادى
التعداد 103 ص ؛
أبعاد الوعاء 24 سم.
650 04 - المدخل الاضافى بالموضوع-مصطلح موضوعى
مصطلح موضوعي الاسلام
650 04 - المدخل الاضافى بالموضوع-مصطلح موضوعى
مصطلح موضوعي الزواج
650 04 - المدخل الاضافى بالموضوع-مصطلح موضوعى
مصطلح موضوعي الاحوال الشخصية للمسلمين
650 04 - المدخل الاضافى بالموضوع-مصطلح موضوعى
مصطلح موضوعي الحقوق الزوجية
700 1# - المدخل الاضافى - اسم شخصى
الإسم الشخصى محمود نصار
الدور محقق
942 ## - عناصر المدخل الإضافي( كوها)
مصدر التصنيف او مخطط الترفيف Dewey Decimal Classification
Koha [default] item type كتاب
260 ## - PUBLICATION, DISTRIBUTION, ETC. (IMPRINT)
-- القاهرة :
-- مكتبة التراث الاسلامى،
Holdings
حالة التراجع حالة الفقد مصدر التصنيف او خطة الترفيف حالة تلف ليس للاعارة المكان المؤقت الموقع الحالى تاريخ الاكتساب اجمالي اﻻعارات رقم الطلب الباركود تاريخ اخر مشاهدة تاريخ تفعيل السعر نوع وعاء كوها
    ddc     مكتبة القاهرة الكبرى مكتبة القاهرة الكبرى 03/26/2014   254.1/ج ن 134326 03/26/2014 03/26/2014 كتاب
    ddc     مكتبة القاهرة الكبرى مكتبة القاهرة الكبرى 08/07/2019   254.1/ ج ن 166356 08/07/2019 08/07/2019 كتاب
    ddc     مكتبة القاهرة الكبرى مكتبة القاهرة الكبرى 08/27/2019   254.1/ ج ن 166402 08/27/2019 08/27/2019 كتاب

Powered By

EGPV